00788cam a2200241Mi 450000500170000000800410001702000180005802000150007603500210009104000500011204100080016210000190017024501350018926000400032430000180036449000270038250400410040965000120045065000250046265000210048765000150050870000230052320150429095142.0150429s2014 fr fr 000 0 fre d a9782200277963 a2200277962 a(OCoLC)881837688 aCO-BoUCMbspacJose A. GerenadJose A. Gerena afre1 aFarago, France13aLa guerrebEschyle, "Les perses" ; Carl von Clausewitz, "De la guerre" ; Henri Barbusse, "Le feucFrance Farago, Christine Lamotte aParis (Francia)bArmand Colinc2014 a275 páginas aprépas scientifiques aIncluye referencias bibliográficas 7aGuerra  7aConflictos sociales  7aCiencia militar  7aViolencia 1 aLamotte, Christine